Pokémon fusionnés avec Tortank - Statistiques

Statistiques générales
  • Ce quiz a été pris 103 fois
  • Le résultat moyen est 12 sur 16
Statistiques - réponses
Par images Réponse % Correct
Insécateur
95%
Démolosse
93%
Nidoran♂
92%
Solgaleo
92%
Krabboss
91%
Élektek
84%
Exagide
82%
Nymphali
77%
Golemastoc
73%
Trompignon
72%
Ohmassacre
61%
Lapyro
60%
Feuiloutan
59%
Verpom
59%
Hydragon
53%
Fantyrm
48%
Aucun quiz correspondant
Distribution des résultats
% des personnes avec chaque résultat
Percentile par nombre de réponses
Votre historique - résultats
Vous n’avez pas pris ce quiz